00575nam a2200181Ia 4500003000900000008004100009020001800050040001600068080002200084110003300106245012100139260003500260300001600295650004100311650001700352650000900369650001500378IN-BaIIA211028s9999 xx 000 0 eng d a0-08-022052-5 cIIA Library a063:523.34bLSI-2 aNASA Lunar Science Institute 0aPetrogenetic Studies of Mare and Highland Rocksbvol.2cThe Lunar Science Institute. Compl.  aNew YorkbPergamon Pressc1977 a1305-2654p. aAstronomy and Astrophysics Thesaurus aLunar Probes aMoon aTopography